Formule 1 - Vainqueurs du GP de Buenos Aires, Argentine - Statistiques

Statistiques générales
  • Ce quiz a été pris 23 fois
  • Le résultat moyen est 15 sur 21
Statistiques - réponses
Années Pilotes % Correct
1998 Michael Schumacher
100%
1954 Juan Manuel Fangio
100%
1955 Juan Manuel Fangio
100%
1957 Juan Manuel Fangio
100%
1956 Juan Manuel Fangio & Luigi Musso
100%
1995 Damon Hill
95%
1996 Damon Hill
95%
1953 Alberto Ascari
84%
1973 Emerson Fittipaldi
79%
1975 Emerson Fittipaldi
79%
1997 Jacques Villeneuve
79%
1978 Mario Andretti
74%
1980 Alan Jones
68%
1972 Jackie Stewart
68%
1958 Stirling Moss
68%
1981 Nelson Piquet
63%
1974 Denny Hulme
58%
1977 Jody Scheckter
58%
1979 Jacques Laffite
42%
1960 Bruce McLaren
26%
1971 Chris Amon
11%
Aucun quiz correspondant
Distribution des résultats
% des personnes avec chaque résultat
Percentile par nombre de réponses
Votre historique - résultats
Vous n’avez pas pris ce quiz